Sports Quiz

Random Sports or NFL Quiz
Score 0/53 Timer 07:00
0 Plays Today
Position Player % Correct
QBKyler Murray
99%
OTJustin Murray
99%
WRKeeSean Johnson
95%
RBDavid Johnson
95%
WRLarry Fitzgerald
93.1%
WRChristian Kirk
81.2%
LBChandler Jones
76.2%
DLCorey Peters
75.2%
CBChris Jones
74.3%
CBKevin Peterson
67.3%
WRAndy Isabella
60.4%
TEMaxx Williams
60.4%
RBChase Edmonds
59.4%
SBudda Baker
59.4%
KZane Gonzalez
50.5%
TECharles Clay
49.5%
QBBrett Hundley
46.5%
LBHaason Reddick
43.6%
LBTerrell Suggs
38.6%
OLJustin Pugh
36.6%
CBByron Murphy
36.6%
OTD.J. Humphries
35.6%
PAndy Lee
34.7%
WRDamiere Byrd
34.7%
LBJordan Hicks
33.7%
OLA.Q. Shipley
31.7%
DEZach Allen
28.7%
Position Player % Correct
OLMason Cole
28.7%
OTMarcus Gilbert
26.7%
OLJ.R. Sweezy
26.7%
SD.J. Swearinger
25.7%
WRMichael Crabtree
21.8%
DLMiles Brown
21.8%
DERodney Gunter
20.8%
WRTrent Sherfield
19.8%
SDeionte Thompson
18.8%
SJalen Thompson
18.8%
RBD.J. Foster
16.8%
CBTramaine Brock
14.9%
LBBrooks Reed
11.9%
LBCassius Marsh
10.9%
LBJoe Walker
10.9%
LBEzekiel Turner
8.9%
LSAaron Brewer
7.9%
DEClinton McDonald
7.9%
DEJonathan Bullard
6.9%
SCharles Washington
6.9%
OLLamont Gaillard
5.9%
OTBrett Toth
4%
OTJosh Miles
4%
LBDennis Gardeck
4%
DEMichael Dogbe
3%
OLJeremy Vujnovich
1%
Remove Ads.
Support Sporcle.
Get the best of Sporcle when you Go Orange. This ad-free experience offers more features, more stats, and more fun while also helping to support Sporcle. Thank you for becoming a member.

You're not logged in!

Compare scores with friends on all Sporcle quizzes.
OR
Log In

Show Comments

Extras

Top Quizzes Today


Score Distribution

Your Account Isn't Verified!

In order to create a playlist on Sporcle, you need to verify the email address you used during registration. Go to your Sporcle Settings to finish the process.

Report this User

Report this user for behavior that violates our Community Guidelines.

Details: